000 00551nam a22002177a 4500
003 OSt
005 20260629113719.0
008 260629b |||||||| |||| 00| 0 eng d
020 _a0321481747
040 _cChuka University Library
050 _aPE 1417
_b.N33 2008
100 _aNadell Judith
_931386
245 _aThe Longman Reader
250 _a8th
260 _aNew York
_bPearson
_c2008
300 _a515.p
650 _aCollege Readers
_922384
650 _aEnglish Language
_98949
700 _aJohn Langan
_931387
942 _2lcc
_cBK
_n0
999 _c25306
_d25306